000 01336nam a2200217 4500
001 113508
003 DR-UNIBE
005 20250429091746.0
008 250428b2006 cl ||||| |||| 00| 0 spa d
040 _aBIBLIOTECA UNIBE
_cBIBLIOTECA UNIBE
_bspa
_erda
041 _aspa
082 _222
_a342.983 R426c
110 1 0 _aRepública de Chile. Constitución
_9194658
245 1 0 _aConstitución política de la República de Chile
250 _aEdición para estudiantes de derecho
260 _aSantiago de Chile :
_bLexisNexis,
_c2006
300 _a83 páginas :
_c20 x 13 cm
505 _aCapítulo I. Bases de institucionalidad | Capítulo II. Nacionalidad y ciudadanía | Capítulo III. De los derechos y deberes constitucionales | Capítulo IV. Gobierno | Capítulo V. Congreso Nacional | Capítulo VI. Poder Judicial | Capítulo VII. Ministerio público | Capítulo VIII. Tribunal Constitucional | Capítulo IX. Justicia electoral | Capítulo X. Contraloría General de la República | Capítulo XI. Fuerzas Armadas, de Orden y Seguridad Pública | Capítulo XII. Consejo de Seguridad Nacional | Capítulo XIII. Banco Central | Capítulo XIV. Gobierno y Administración Interior del Estado | Capítulo XV. Reforma de la Constitución
651 7 _aRepública de Chile
_xConstitución
_9194661
942 _2ddc
_cBK
999 _c113508
_d113508